000 01002nam a2200241 4500
010 _aA-716377
020 _a8170188067
_c00.00
035 _aA-716377
037 _aCen Lib/Ret
040 _aDPL
_bEN
082 _a230.22
_bDEB
100 _aDebroy, Bibek
245 _aThe Puranas /
_cBibek Debroy and Dipavali Debroy
260 _aDelhi
_bB. R. Publishing Corporation
_c1994
270 _aOffice A-6, Nimri Commmunity Center, Phase -iv, Ashok Vihar
_bDelhi
_e110052
300 _a3 v. (v 1. 594 ; v 2. 553 ; v 3.618)
_b24cm(Hb)
500 _aincludes bibliographical reference
500 _a3 v. ; v 1. Brahma, padma, vishnu, shiva, Bhagavata, Narada (available). v 2. Markandeya, Agni, Bhavishya, Barhmaviarta, Linga, Varaha (available) ; v 3. Shanda, Varmana, Matsya Garuda, Barhmanda,Vayu (available).
650 _a Puranas -- History and criticism.
650 _aPuranas -- Histoire et critique.
700 _aDebroy, Dipavali
942 _2ddc
_cEN
_h230.22
_mDEB
999 _c136410
_d136410